000 01257nam a22003137a 4500
003 DO-SdBPM
005 20250116113108.0
008 170112b 2008 ck 00| 0 spa d
020 _a9789974811331 (obra completa)
020 _a9789974811348 (1)
020 _a9789974811355 (2)
040 _aDO-SdBPM
_bspa
_cBPMSU
082 4 _a372.21
_bB914e 2008
_222
100 1 _aBruzzo, Mariana.
245 1 0 _aEscuela maternal /
_cMariana Bruzzo, Martha Jacubovich ; ilustraciones Fernando Brancaccio, Martín Bustamante.
_b
246 1 4 _aEscuela maternal :
_bpara docentes de niños desde 45 días hasta 3 años de edad
250 _a
260 _aBuenos Aires, Argentina :
_bCírculo Latino Austral,
_c2009
_3
300 _a2 v :
_bil. ;
_c29 cm. +
_eCD-ROM
505 0 _aActividades lúdicas, juegos y juguetes -- Puericultura y desarrollo saludable -- Diseño y organización del ambiente -- Estimulación temprana -- Lactantes y deambuladores.
590 _aInventariado, 2025/VM
650 4 _aEducación preescolar
650 4 _aJardines infantiles
700 1 _aBrancaccio, Fernando.
_eilustraciones
700 1 _aBustamante, Martín,
_eilustraciones
710 2 _aLexus
910 _aVMateo V. Control de calidad. BPMSU
942 _2ddc
_cBK
999 _c12454
_d12454